000 00650 a2200217 4500
003 Nust
005 20170207153131.0
010 _a 82023224
020 _a003058969X
040 _cNust
082 0 0 _a621.380413
100 1 _aLathi, B. P.
245 1 0 _aModern digital and analog communication systems /
_cB.P. Lathi.
260 _aNew York :
_bHolt, Rinehart, and Winston,
_cc1983.
300 _axii, 708 p. :
_bill. ;
_c24 cm.
440 0 _aHRW series in electrical and computer engineering
500 _aIncludes index.
650 0 _aDigital communications.
650 0 _aStatistical communication theory.
650 0 _aTelecommunication systems.
942 _2ddc
_cBK
999 _c179650
_d179650